Vista normal
Vista MARC
Entrada Materia (personas)
Número de registros utilizados en: 2
001 - CONTROL NUMBER
- control field: 30440
003 - CONTROL NUMBER IDENTIFIER
- control field: Co-BoUCM
005 - DATE AND TIME OF LATEST TRANSACTION
- control field: 20130227160301.0
008 - FIXED-LENGTH DATA ELEMENTS
- fixed length control field: 130227|| aca||aabn | a|a d
040 ## - CATALOGING SOURCE
- Original cataloging agency: Co-BoUCM
- Transcribing agency: Co-BoUCM
100 ## - HEADING--PERSONAL NAME
- Personal name: Chomsky. Aviva
670 ## - SOURCE DATA FOUND
- Source citation: Work cat.: (Co-BoUCM)38016: Chomsky. Aviva, West Indian workers and the united fruit company in Costa Rica 1870-1940 /, 1996.